| 000 | 00412nam a22001337a 4500 | ||
|---|---|---|---|
| 082 |
_a005.756 _bPAR _cD |
||
| 110 |
_aBorland _936812 |
||
| 245 |
_aPARADOX Relational database version 3.5 _bIntroduction to paradox _cBorland international |
||
| 260 |
_aUSA _bBorland international _c1990 |
||
| 300 |
_a92 p. : _bill. _c28 cm. |
||
| 526 |
_a0 _b0 _c0 _d005_756000000000000_PAR |
||
| 650 |
_aMCE _9379 |
||
| 942 |
_2ddc _cBK |
||
| 999 |
_c541837 _d541837 |
||